English vocabulary in use: pre intermediate e intermediate

Na minha lista:
Detalhes bibliográficos
Autor principal: Redman, Stuart (Author)
Formato: Livro
Idioma:inglês
Publicado em: Cambridge University of Cambridge 2003
Edição:2a. ed
Assuntos:
Tags: Adicionar Tag
Sem tags, seja o primeiro a adicionar uma tag!

MARC

LEADER 00000nam a2200000 a 4500
001 UCI1272
003 CL-VaPUC
008 070622e20030000uk |||||||||||||||||eng|d
020 |a 9780521011716 
082 0 4 |a 428.8  |b RED  |2 21 
100 0 |a Redman, Stuart  |e author  |9 521683 
245 1 0 |a English vocabulary in use: pre intermediate e intermediate 
250 |a 2a. ed 
300 |a 263 p 
942 |c BK 
945 |d 20070622 00:00:00  |a jtorresc 
260 |a Cambridge  |b University of Cambridge  |c 2003 
500 |a Contiene un Cd-rom 
650 0 |a Lengua inglesa  |9 318842 
650 0 |a Educación lingüística  |9 306506 
650 0 |a Métodos de enseñanza  |9 270413 
650 0 |a Enseñanza del inglés  |9 367340 
583 |a last modification  |c 20170828 10:09:51  |k Rodrigo Vera 
999 |c 326111  |d 326109 
952 |0 0  |1 0  |4 0  |6 428_800000000000000_RED_2003  |7 0  |8 A  |9 407839  |a BIBEDU  |b BIBEDU  |d 2019-11-22  |i 4351126  |o 428.8 RED 2003  |p 4351126  |r 2019-11-22  |w 2019-11-22  |y BK  |k LIT 
952 |0 0  |1 0  |4 0  |6 428_800000000000000_RED_2003  |7 0  |8 A  |9 407840  |a BIBEDU  |b BIBEDU  |d 2019-11-22  |i 4351134  |o 428.8 RED 2003  |p 4351134  |r 2019-11-22  |w 2019-11-22  |y BK  |k LIT 
952 |0 0  |1 0  |4 0  |6 428_800000000000000_RED_2003  |7 0  |8 A  |9 407841  |a BIBEDU  |b BIBEDU  |d 2019-11-22  |i 4351142  |o 428.8 RED 2003  |p 4351142  |r 2019-11-22  |w 2019-11-22  |y BK  |k LIT 
952 |0 0  |1 0  |4 0  |6 428_800000000000000_RED_2003  |7 0  |8 A  |9 407842  |a BIBEDU  |b BIBEDU  |d 2019-11-22  |i 4351150  |l 1  |o 428.8 RED 2003  |p 4351150  |r 2024-04-04  |s 2024-03-21  |w 2019-11-22  |y BK  |k LIT